| 000 | 00713nam a2200217 a 4500 | ||
|---|---|---|---|
| 001 | 4007 | ||
| 005 | 20140414132035.0 | ||
| 008 | 040603s19uu xx 00 eng d | ||
| 020 | _a0-689-82246-4 | ||
| 050 |
_aTR _bP19 1990 |
||
| 100 | _aCarle, Eric | ||
| 245 |
_aPancakes, pancakes! / _cEric Carle. |
||
| 260 |
_aNew York : _bAladdin Paperbacks, _c1990. |
||
| 300 | _a1 v. (unp.) : ill. ; cm. | ||
| 500 | _a(TR) Reprint. Originally published: New York: Knopf, 1970 | ||
| 520 | _aBy cutting and grinding the wheat for flour, Jack starts from scratch to help make his breakfast pancake. | ||
| 650 |
_aPancakes, waffles, etc _xFiction. |
||
| 650 |
_aCookery _xFiction. |
||
| 999 |
_c113715 _d113715 |
||